000 00630nam a2200229Ia 4500
003 OSt
005 20221006165410.0
006 a|||||r|||| 00| 0
007 ta
008 221006b |||||||| |||| 00| 0 hin d
024 _a6,034
037 _cTextual
040 _aFML
_cFML
_bhin
041 _2hin
_ahin
082 _aY744:1 ' C, P1
100 _aShukla Vijay Shankar Au.
_9679769
245 0 _aRigvedkaleen Samaj Aur Sanskriti
260 _aDelhi
_bSharda Prakashan India
_c2001
300 _a188
_ccm.
942 _hY744:1 ' C, P1
_cTEXL
_2CC
999 _c1120685
_d1120685